Celia Leyton Vidal. Caminos de Millaküyen.

Saved in:
Bibliografiske detaljer
Hovedforfatter: Villegas Medrano, Lorena Iveth (autora)
Andre forfattere: Vaccaro Meza, Renzo Giovanni (autor), Mellado Larraín, Alex G. (autor)
Format: Bog
Udgivet: Temuco, Chile: Ediciones de la Universidad Católica de Temuco, 2020.
Udgivelse:Primera edición
Fag:
Tags: Tilføj Tag
Ingen Tags, Vær først til at tagge denne postø!

MARC

LEADER 00000nam a22000007a 4500
003 CL-VaPUC
005 20221207090104.0
008 221012t2020 ||||| |||| 00| 0 eng d
999 |c 439137  |d 439135 
020 |a 978-956-9489-82-2 
040 |c Pontificia Universidad Católica de Valparaíso 
082 0 4 |2 22  |a 759.983 VIL 2020 
100 1 |a Villegas Medrano, Lorena Iveth  |e autora  |9 878215 
245 1 0 |a Celia Leyton Vidal.  |b Caminos de Millaküyen. 
250 |a Primera edición 
260 |a Temuco, Chile:  |b Ediciones de la Universidad Católica de Temuco,  |c 2020. 
300 |a 237 páginas. 
500 |a c.1. Donación Rector saliente Claudio Elortegui, Julio 2022. 
583 |c 20221012  |k Catalogador Asistente 
600 |a Leyton Vidal, Celia,  |d 1895-1975  |x Crítica e interpretación  |9 878214 
650 1 |a Artistas mujeres  |z Chile  |9 878216 
650 1 |a Pintoras chilenas  |y Siglo 20  |9 878217 
650 1 |a Pintura chilena  |y Siglo 20  |9 860640 
700 |a Vaccaro Meza, Renzo Giovanni  |e autor  |9 878218 
700 |a Mellado Larraín, Alex G.  |e autor  |9 878219 
942 |2 ddc  |c BK 
952 |0 0  |1 0  |2 ddc  |4 0  |6 759_983000000000000_VIL_2020  |7 0  |8 A  |9 587205  |a BIBART  |b BIBART  |d 2022-10-12  |e Donación  |i 5655144  |o 759.983 VIL 2020  |p 5655144  |r 2025-03-13  |t 1  |w 2022-10-12  |y BK  |k ART